| 000 | 00992nam a2200229Ia 4500 | ||
|---|---|---|---|
| 001 | 15245 | ||
| 003 | GE_BSU | ||
| 008 | 181216s||||||||xx |||||||||||||| ||und|| | ||
| 040 | _cGE_BSU | ||
| 080 | _a821.353.1+821.353.1-1 | ||
| 245 | _aჩვენი საუნჯე:ქართული მწერლობა ოც ტომად. ტ.19 მიხეილ ჯავახიშვილი:არსენა მარაბდელი | ||
| 245 | _cრედ.დ.ჩხიკვიშვილი. მხატვ.ლ.გრიგოლია | ||
| 260 | _aთბილისი | ||
| 260 | _bნაკადული | ||
| 260 | _c1961 | ||
| 300 | _a580გვ.23სმ. | ||
| 520 | _aშენიშვნები გვ.570-578 | ||
| 653 | _aმიხეილ ჯავახიშვილი:არსენა მარაბდელი | ||
| 653 | _aქართული მწერლობა | ||
| 653 | _aჩვენი საუნჯე | ||
| 942 | _cBK | ||
| 999 |
_c48357 _d48357 |
||